Search the Library Catalogue
| 000 -LEADER | |
|---|---|
| fixed length control field | 01699nam a22002057a 4500 |
| 008 - FIXED-LENGTH DATA ELEMENTS--GENERAL INFORMATION | |
| fixed length control field | 260108b |||||||| |||| 00| 0 eng d |
| 020 ## - INTERNATIONAL STANDARD BOOK NUMBER | |
| ISBN | 9780333589298 |
| Paper back/Hardbound | hbk |
| 041 ## - LANGUAGE CODE | |
| Language code of text/sound track or separate title | eng |
| 082 ## - DEWEY DECIMAL CLASSIFICATION NUMBER | |
| Classification number | 301 |
| Item number | STO |
| 100 ## - MAIN ENTRY--AUTHOR NAME | |
| Personal name | Stones Rob |
| 245 ## - TITLE STATEMENT | |
| Title | Sociological reasoning : towards a past-modern sociology |
| Statement of responsibility, etc | Edited by rob stones |
| 260 ## - PUBLICATION, DISTRIBUTION, ETC. (IMPRINT) | |
| Place of publication | , Basingstoke |
| Name of publisher | Macmillan |
| Year of publication | 1996 |
| 300 ## - PHYSICAL DESCRIPTION | |
| Number of Pages | 257 p. |
| Dimensions | 23 cm. |
| 504 ## - BIBLIOGRAPHY, ETC. NOTE | |
| Bibliography, etc | Includes index |
| 520 ## - SUMMARY, ETC. | |
| Summary, etc | Building a bridge between sociological theory and methodology, Sociological Reasoning develops an original typology of approaches to social scientific theory and research that is distinguished by its openness and reflexive awareness of rhetorical and methodological aspects of knowledge claims. Stones argues that contemporary social theory and postmodernism are both to be distinguished from sociological modernism by the sensitivity they each show to the rich, diverse and complex nature of the social world; and yet, in terms of the epistemology and methodology of the research process, both are found to be wanting. He argues instead for a sociology that is rigorous, modest and sceptical, which accepts that it works with fragments of the real rather than with complete stories." "Laced with graphic and often witty examples from everyday life, the sociological literature and also contemporary fiction, and including illuminating critiques of the work of sociologists such as Giddens, Bauman, Mann and Walby, this is a strikingly refreshing and engaging text that will appeal to students of sociological theory at undergraduate level and beyond. |
| 650 ## - SUBJECT ADDED ENTRY--TOPICAL TERM | |
| Topical Term | sociology Philosophy |
| 700 ## - ADDED ENTRY--PERSONAL NAME | |
| Personal name | rob stones |
| 942 ## - ADDED ENTRY ELEMENTS (KOHA) | |
| Koha item type | English Books |
| Withdrawn status | Lost status | Damaged status | Not for loan | Home library | Current library | Shelving location | Date acquired | Full call number | Accession Number | Price effective from | Koha item type |
|---|---|---|---|---|---|---|---|---|---|---|---|
| Anna Centenary Library | Anna Centenary Library | 3RD FLOOR, B WING | 12.10.2010 | 301 STO | 320316 | 08.01.2026 | English Books |